Maravillosa liberación. (Registro nro. 437114)

Detalles MARC
000 -LÍDER
Campo fijo de descripción fija 00582nam a22002177a 4500
003 - IDENTIFICADOR DEL NÚMERO DE CONTROL
Campo de control BCEG
005 - FECHA Y HORA DE LA ULTIMA TRANSACCIÓN
control field 20260319105810.0
008 - ELEMENTOS DE LONGITUD FIJA -- INFORMACIÓN GENERAL
Campo fijo de descripción fija -- Información general 260319s2017 mx |||||||||||||||f|spa|d
020 ## - ISBN
Isbn 9786073150125
040 ## - FUENTE DE CATALOGACIÓN
Agencia de catalogación original BCEG
Idioma de catalogación spa
Agencia que realiza la transcripción BCEG
082 04 - NÚMERO DE CLASIFICACIÓN DECIMAL DEWEY
Número de clasificación 813.54
Clave de autor-Numero de item M148a
100 1# - ASIENTO PRINCIPAL--NOMBRE PERSONAL
Nombre del autor personal McGuire, Jamie,
Fechas asociadas con el nombre 1978-.
245 10 - TÍTULO PROPIAMENTE DICHO
Título Maravillosa liberación.
260 ## - PUBLICACIÓN, DISTRIBUCIÓN, ETC. (PIE DE IMPRENTA)
Lugar de publicación, distribución, etc. México :
Nombre del editor, distribuidor, etc. Penguin Random House,
Fecha de publicación, distribución, etc. 2017.
300 ## - DESCRIPCIÓN FÍSICA
Extensión 348 p.
490 ## - MENCIÓN DE SERIE
Mención de serie Suma de Letras.
534 ## - NOTA DE VERSIÓN ORIGINAL
Frase introductoria Título original:
Título original Beautiful redemption.
541 ## - NOTA DE FUENTE INMEDIATA DE ADQUISICIÓN
Nota de fuente de adquisición Donación.
650 14 - ASIENTO SECUNDARIO DE MATERIA - TERMINO TEMÁTICO
Término temático o nombre geográfico como elemento de entrada Novela estadounidense.
942 ## - TIPO DE MATERIAL (KOHA)
Tipo de Item KOHA Libro
Existencias
No para Préstamo Colección Biblioteca de Origen Biblioteca Permanente Fecha de Adquisición Fuente de Adquisicion Total de Préstamos Signatura Topográfica Código de Barras Última vez visto Tipo de Material
Material en Reserva General Biblioteca Central Estatal de Guanajuato, "Wigberto Jiménez Moreno" Biblioteca Central Estatal de Guanajuato, "Wigberto Jiménez Moreno" 19/03/2026 DONAD   813.54 M148a BCEG8655230885 19/03/2026 Libro